000 00950nam a2200301 4500
003 OSt
005 20260601193839.0
008 260508b2001 nz a|||| |||| 00| 0 eng d
020 _a0646415549
040 _aICI
_bspa
_cICI
041 _aeng
050 _aGV1703.K5
_bW45 2001
100 1 _aWhincup, Tony,
245 1 _aAkekeia! :
_btraditional dance in Kiribati /
_cTony Whincup.
264 _a [Australia] :
_bFormat,
_c2001.
300 _a168 páginas
_c30cm.
336 _atexto
_2rdacontent
337 _asin medio
_2rdamedia
338 _avolumen
_2rdacarrier
500 _aEstudio fotográfico y etnográfico sobre la danza tradicional de Kiribati.
650 _aDanzas tradicionales
_zKiribati.
650 _aDanza folclórica
_zOceanía
_zKiribati.
650 _aCultura
_zKiribati.
650 _aEtnografía
_zKiribati.
650 _aArtes escénicas
_zOceanía.
650 _aTradiciones culturales
_zKiribati.
942 _2lcc
_cB
_n1
999 _c21362
_d21362